01000na a2200265 450000100060000000300080000600500170001400800410003102000120007203500100008404000250009408200250011911100860014424501670023026000240039730000190042149000260044065000440046665000540051065000530056465000600061770000220067770000180069970000170071715677MIRAKIL20181213154825.0160920b tu 000 0  a9876922 a15677 aMilasbturcTR-AnCHP a342.56107bS59s 2005 aSiyasi Partiler ve Seçim Kanunlarında Değişiklik ÖnerilericAnkarad2005 aSiyasi partiler ve seçim kanunlarında değişiklik önerilerib18-19 şubat 2005 Ankaracyayına hazırlayanlar Erol Tuncer, Cavit Sıdal, Hanife Yurtseven aAnkarabTESAVc2005 a253 s.c24 sm. aTESAV yayınlarıv28 aSeçim hukukuxToplantılarzTürkiye aKanun değişikliklerixToplantılarzTürkiye aSiyasal Partiler KanunuxToplantılarzTürkiye aSeçim kanunlarıxÖnerileryToplantılarzTürkiye aYurtseven, Hanife aSıdal, Cavit aTuncer, Erol